000 01030nam1a22002171i 4500
001 rc\910407
005 20240723223452.0
035 _a(NLR Aleph) 006242237
090 _a6676718
_c6676718
100 _a20041129d1984 u |0rusy50 ca
101 0 _arus
102 _aRU
105 _ay |||||||||
200 1 _aОборудование и изделия для комплексной механизации строительства энергетических объектов
_eОтрасл. кат. на серийно выпускаемые оборуд. и изделия
_fМ-во энергетики и электрификации СССР, Центр НТИ по энергетике электрификации
210 _aМ.
_cИнформэнерго
_d1984
215 _d20
225 1 _aКаталог промышленного оборудования
_iЭнергетика и электрификация
801 0 _aRU
_bNLR
_gpsbo
801 1 _aRU
_bELAR
_2rusmarc
852 _aNLR
_bПт
_j80.4/666
942 _cBOOK